AC Milan 2024/25 - Statistics

General Stats
  • This quiz has been taken 117 times
  • The average score is 15 of 26
Answer Stats
Shirt number Player % Correct
10 Rafael Leão
97%
11 Christian Pulisic
85%
19 Theo Hernández
83%
23 Fikayo Tomori
80%
16 Mike Maignan
80%
7 Álvaro Morata
78%
2 Davide Calabria
77%
90 Tammy Abraham
70%
14 Tijjani Reijnders
70%
8 Ruben Loftus-Cheek
67%
28 Malick Thiaw
65%
46 Matteo Gabbia
65%
4 Ismaël Bennacer
60%
9 Luka Jović
55%
17 Noah Okafor
55%
21 Samuel Chukwueze
55%
22 Emerson Royal
53%
31 Strahinja Pavlović
52%
29 Youssouf Fofana
48%
80 Yunus Musah
48%
24 Alessandro Florenzi
45%
42 Filippo Terracciano
37%
57 Marco Sportiello
35%
20 Álex Jiménez
27%
96 Lorenzo Torriani
20%
18 Kevin Zeroli
17%
No matching quizzes found
Score Distribution
Percent of People with Each Score
Percentile by Number Answered
Your Score History
You have not taken this quiz